000 00798nam0a22002651 4500
001 v19\rc\1791391
005 20250619080235.0
035 _a(NLR Aleph) 004882796
090 _a5188106
_c5188106
100 _a20061204d1905 |||y0rusy50 ca
101 0 _arus
102 _aRU
105 _ay z |||a|
200 1 _aОхотничьи рассказы
_f[Соч.] Д.Л. Марсальского
210 _aСимбирск
_cтипо-лит. А.Т. Токарева
_d1905
215 _a[4], 169 с.
_d24
700 1 _aМарсальский
_bД.Л.
_gДмитрий Львович
801 0 _aRU
_bNLR
_gpsbo
801 0 _aRU
_bRuMoRGB
_2psbo
801 1 _aRU
_bProSoft-M
_2rusmarc
852 _aNLR
_j38.43.2.54
899 _aRuMoRGB
_jA 276/298
899 _aБАН
942 _cBOOK
980 _aNB